|
|
|
|
| LEADER |
01170nam a2200241 4500 |
| 001 |
000009523 |
| 003 |
5720 |
| 005 |
20150812140833.0 |
| 008 |
111028s sd |
| 100 |
0 |
|
|a Đàm Luyện
|
| 245 |
0 |
0 |
|a Giáo trình Bố cục
|c Đàm Luyện
|
| 774 |
|
|
|a Đàm Luyện
|d Đại học Sư phạm
|d H.
|d 2005
|g T.2
|h 211tr.
|n Đầu bìa sách ghi: Bộ Giáo dục và Đào tạo. Dự án Đào tạo Giáo viên THCS
|w 5719
|
| 774 |
|
|
|a Đàm Luyện
|d Đại học Sư phạm
|d H.
|d 2007
|g T.3
|h 138tr.
|n Đầu bìa sách ghi: Bộ Giáo dục và Đào tạo. Dự án Đào tạo Giáo viên THCS
|w 10368
|
| 774 |
|
|
|a Đàm Luyện
|b In lần thứ 3
|d Đại học Sư phạm
|d H.
|d 2009
|g Tập 2
|h 211 tr.
|n ĐTTS ghi: Bộ Giáo dục và Đào tạo. Dự án Đào tạo Giáo viên THCS
|t Giáo trình bố cục
|w 20729
|
| 774 |
|
|
|a Đàm Luyện
|d Đại học Sư phạm
|d H.
|d 2007
|g Tập 3
|h 137 tr.
|t Giáo trình bố cục
|w 20760
|
| OWN |
|
|
|a LSP
|
| 999 |
|
|
|a From the UDN01
|
| TYP |
|
|
|a Monograph
|
| TYP |
|
|
|a Printed language
|
| 980 |
|
|
|a Mạng thư viện Đại học Đà Nẵng
|